[Event "Villarobledo Online Qualifyer"]
[Site "playchess.com #155672"]
[Date "2009.05.23"]
[Round "2"]
[White "Ajaraisk"]
[Black "Kendo"]
[Result "0-1"]
[WhiteElo "2169"]
[BlackElo "2691"]
[PlyCount "94"]
[EventDate "2009.05.23"]
[EventType "swiss (blitz)"]

1. Nf3 {[%emt 0:00:06]} d5 {[%emt 0:00:02]} 2. g3 {[%emt 0:00:01]} c6 {[%emt 0:
00:02]} 3. Bg2 {[%emt 0:00:01]} Nf6 {[%emt 0:00:01]} 4. O-O {[%emt 0:00:00]}
Bg4 {[%emt 0:00:03]} 5. c4 {[%emt 0:00:02]} Nbd7 {[%emt 0:00:04]} 6. cxd5 {
[%emt 0:00:01]} cxd5 {[%emt 0:00:02]} 7. b4 {[%emt 0:00:02]} e6 {[%emt 0:00:06]
} 8. a3 {[%emt 0:00:01]} a5 {[%emt 0:00:09]} 9. b5 {[%emt 0:00:05]} Bd6 {[%emt
0:00:11]} 10. Bb2 {[%emt 0:00:06]} O-O {[%emt 0:00:04]} 11. a4 {[%emt 0:00:04]}
Qe7 {[%emt 0:00:05]} 12. d3 {[%emt 0:00:07]} Rfc8 {[%emt 0:00:10]} 13. Nbd2 {
[%emt 0:00:02]} Rc7 {[%emt 0:00:07]} 14. Rc1 {[%emt 0:00:09]} Rac8 {[%emt 0:00:
02]} 15. Rxc7 {[%emt 0:00:04]} Rxc7 {[%emt 0:00:00]} 16. Nb3 {[%emt 0:00:02]}
Bxf3 {[%emt 0:00:20]} 17. Bxf3 {[%emt 0:00:03]} Bb4 {[%emt 0:00:01]} 18. Qa1 {
[%emt 0:00:06]} h6 {[%emt 0:00:46]} 19. Rc1 {[%emt 0:00:02]} Qd8 {[%emt 0:00:
02]} 20. Kg2 {[%emt 0:00:06]} Qc8 {[%emt 0:00:03]} 21. Rxc7 {[%emt 0:00:31]}
Qxc7 {[%emt 0:00:00]} 22. Qc1 {[%emt 0:00:02]} Qxc1 {[%emt 0:00:03]} 23. Bxc1 {
[%emt 0:00:07]} Nb6 {[%emt 0:00:04]} 24. e4 {[%emt 0:00:16]} Nxa4 {[%emt 0:00:
06]} 25. exd5 {[%emt 0:00:03]} Nxd5 {[%emt 0:00:06]} 26. Bd1 {[%emt 0:00:09]}
Nac3 {[%emt 0:00:03]} 27. Bc2 {[%emt 0:00:05]} Nxb5 {[%emt 0:00:01]} 28. Bb2 {
[%emt 0:00:04]} a4 {[%emt 0:00:07]} 29. Nd4 {[%emt 0:00:04]} Nxd4 {[%emt 0:00:
02]} 30. Bxd4 {[%emt 0:00:00]} a3 {[%emt 0:00:02]} 31. Bb3 {[%emt 0:00:01]} Kf8
{[%emt 0:00:25]} 32. Kf3 {[%emt 0:00:04]} f6 {[%emt 0:00:09]} 33. Ke4 {[%emt 0:
00:02]} f5+ {[%emt 0:00:29]} 34. Ke5 {[%emt 0:00:03]} Ke7 {[%emt 0:00:01]} 35.
Ba1 {[%emt 0:00:13]} Bc3+ {[%emt 0:00:01]} 36. Bxc3 {[%emt 0:00:02]} Nxc3 {
[%emt 0:00:00]} 37. Bxe6 {[%emt 0:00:05]} a2 {[%emt 0:00:00]} 38. Bxa2 {[%emt
0:00:01]} Nxa2 {[%emt 0:00:01]} 39. Kxf5 {[%emt 0:00:00]} Nc1 {[%emt 0:00:03]}
40. d4 {[%emt 0:00:01]} Kd6 {[%emt 0:00:03]} 41. Ke4 {[%emt 0:00:02]} b5 {
[%emt 0:00:02]} 42. Ke3 {[%emt 0:00:05]} Kd5 {[%emt 0:00:02]} 43. g4 {[%emt 0:
00:01]} b4 {[%emt 0:00:04]} 44. h4 {[%emt 0:00:01]} Nb3 {[%emt 0:00:01]} 45. f4
{[%emt 0:00:04]} Nxd4 {[%emt 0:00:01]} 46. g5 {[%emt 0:00:02]} h5 {[%emt 0:00:
01]} 47. Kd3 {[%emt 0:00:02]} Nf5 {[%emt 0:00:01] Ajaraisk resigns} 0-1

[Event "Villarobledo Online Qualifyer"]
[Site "playchess.com #155672"]
[Date "2009.05.23"]
[Round "2"]
[White "Ozmarabagi"]
[Black "PertsaPera"]
[Result "1-0"]
[WhiteElo "1756"]
[BlackElo "1432"]
[PlyCount "81"]
[EventDate "2009.05.23"]
[EventType "swiss (blitz)"]

1. d4 {[%emt 0:00:07]} d6 {[%emt 0:00:03]} 2. c4 {[%emt 0:00:07]} Nf6 {[%emt 0:
00:03]} 3. Nf3 {[%emt 0:00:04]} Nbd7 {[%emt 0:00:04]} 4. Nc3 {[%emt 0:00:05]}
c6 {[%emt 0:00:03]} 5. e4 {[%emt 0:00:05]} e5 {[%emt 0:00:04]} 6. Be2 {[%emt 0:
00:05]} Be7 {[%emt 0:00:07]} 7. O-O {[%emt 0:00:09]} O-O {[%emt 0:00:04]} 8.
Be3 {[%emt 0:00:06]} exd4 {[%emt 0:00:07]} 9. Qxd4 {[%emt 0:00:07]} Ne5 {[%emt
0:00:15]} 10. Nxe5 {[%emt 0:00:06]} dxe5 {[%emt 0:00:02]} 11. Qxe5 {[%emt 0:00:
06]} Ng4 {[%emt 0:00:09]} 12. Bxg4 {[%emt 0:00:07]} Bxg4 {[%emt 0:00:02]} 13.
h3 {[%emt 0:00:05]} Be6 {[%emt 0:00:02]} 14. Rad1 {[%emt 0:00:06]} Qb8 {[%emt
0:00:08]} 15. Qxb8 {[%emt 0:00:06]} Raxb8 {[%emt 0:00:01]} 16. b3 {[%emt 0:00:
05]} Bf6 {[%emt 0:00:13]} 17. Bd4 {[%emt 0:00:09]} Bxd4 {[%emt 0:00:09]} 18.
Rxd4 {[%emt 0:00:04]} g6 {[%emt 0:00:08]} 19. Rfd1 {[%emt 0:00:06]} f5 {[%emt
0:00:13]} 20. e5 {[%emt 0:00:05]} Kf7 {[%emt 0:00:25]} 21. f4 {[%emt 0:00:05]}
Ke7 {[%emt 0:00:02]} 22. Kf2 {[%emt 0:00:05]} Rfd8 {[%emt 0:00:02]} 23. Rd6 {
[%emt 0:00:07]} Rxd6 {[%emt 0:00:15]} 24. Rxd6 {[%emt 0:00:06]} Rd8 {[%emt 0:
00:13]} 25. Rxd8 {[%emt 0:00:04]} Kxd8 {[%emt 0:00:01]} 26. Ne2 {[%emt 0:00:05]
} Ke7 {[%emt 0:00:06]} 27. Nd4 {[%emt 0:00:05]} h6 {[%emt 0:00:02]} 28. Nxe6 {
[%emt 0:00:05]} Kxe6 {[%emt 0:00:01]} 29. Kf3 {[%emt 0:00:06]} g5 {[%emt 0:00:
01]} 30. g3 {[%emt 0:00:03]} b6 {[%emt 0:00:05]} 31. h4 {[%emt 0:00:05]} gxf4 {
[%emt 0:00:20]} 32. Kxf4 {[%emt 0:00:04]} a6 {[%emt 0:00:04]} 33. a3 {[%emt 0:
00:01]} b5 {[%emt 0:00:06]} 34. c5 {[%emt 0:00:03]} a5 {[%emt 0:00:02]} 35. b4
{[%emt 0:00:03]} axb4 {[%emt 0:00:10]} 36. axb4 {[%emt 0:00:03]} Kd5 {[%emt 0:
00:08]} 37. Kxf5 {[%emt 0:00:02]} Kc4 {[%emt 0:00:01]} 38. e6 {[%emt 0:00:01]}
Kxb4 {[%emt 0:00:01]} 39. e7 {[%emt 0:00:00]} Ka3 {[%emt 0:00:01]} 40. e8=Q {
[%emt 0:00:01]} b4 {[%emt 0:00:01]} 41. Qxc6 {[%emt 0:00:01] PertsaPera resigns
} 1-0

[Event "Villarobledo Online Qualifyer"]
[Site "playchess.com #155672"]
[Date "2009.05.23"]
[Round "2"]
[White "Us6"]
[Black "Vampire__23"]
[Result "1-0"]
[WhiteElo "2601"]
[BlackElo "2151"]
[PlyCount "155"]
[EventDate "2009.05.23"]
[EventType "swiss (blitz)"]

1. d4 {[%emt 0:00:01]} Nf6 {[%emt 0:00:03]} 2. c4 {[%emt 0:00:01]} d6 {[%emt 0:
00:02]} 3. Nc3 {[%emt 0:00:01]} g6 {[%emt 0:00:01]} 4. g3 {[%emt 0:00:01]} Bg7
{[%emt 0:00:01]} 5. Bg2 {[%emt 0:00:00]} O-O {[%emt 0:00:01]} 6. Nf3 {[%emt 0:
00:01]} Bg4 {[%emt 0:00:03]} 7. O-O {[%emt 0:00:01]} c6 {[%emt 0:00:01]} 8. h3
{[%emt 0:00:03]} Bxf3 {[%emt 0:00:01]} 9. Bxf3 {[%emt 0:00:01]} Nbd7 {[%emt 0:
00:01]} 10. Bg5 {[%emt 0:00:03]} Qb6 {[%emt 0:00:03]} 11. Qd2 {[%emt 0:00:02]}
e5 {[%emt 0:00:01]} 12. Be3 {[%emt 0:00:04]} exd4 {[%emt 0:00:01]} 13. Bxd4 {
[%emt 0:00:01]} Qc7 {[%emt 0:00:02]} 14. Rad1 {[%emt 0:00:02]} Rad8 {[%emt 0:
00:02]} 15. Bg2 {[%emt 0:00:01]} Ne5 {[%emt 0:00:03]} 16. b3 {[%emt 0:00:03]}
c5 {[%emt 0:00:07]} 17. Be3 {[%emt 0:00:02]} b6 {[%emt 0:00:06]} 18. Bg5 {
[%emt 0:00:02] Us6 claims win on disconnect} Rd7 {[%emt 0:01:32]} 19. f4 {
[%emt 0:00:02]} Nc6 {[%emt 0:01:05]} 20. Bxf6 {[%emt 0:00:02]} Bxf6 {[%emt 0:
00:01]} 21. Nd5 {[%emt 0:00:01]} Bd4+ {[%emt 0:00:02]} 22. e3 {[%emt 0:00:01]}
Qd8 {[%emt 0:00:07]} 23. exd4 {[%emt 0:00:01]} Nxd4 {[%emt 0:00:01]} 24. Rfe1 {
[%emt 0:00:02]} Kg7 {[%emt 0:00:03]} 25. Re4 {[%emt 0:00:04]} Re8 {[%emt 0:00:
01]} 26. Rde1 {[%emt 0:00:03]} Rxe4 {[%emt 0:00:01]} 27. Rxe4 {[%emt 0:00:00]}
Nf5 {[%emt 0:00:02]} 28. Kh2 {[%emt 0:00:02]} h5 {[%emt 0:00:02] ' Vampire__23
claims win on disconnect} 29. Re1 {[%emt 0:00:07]} h4 {[%emt 0:00:01]} 30. g4 {
[%emt 0:00:01]} Ng3 {[%emt 0:00:02]} 31. Qc3+ {[%emt 0:00:02]} f6 {[%emt 0:00:
04]} 32. g5 {[%emt 0:00:06]} Nh5 {[%emt 0:00:07]} 33. gxf6+ {[%emt 0:00:04]}
Nxf6 {[%emt 0:00:01]} 34. Re6 {[%emt 0:00:06]} Rf7 {[%emt 0:00:01]} 35. Bf3 {
[%emt 0:00:03]} Qf8 {[%emt 0:00:07]} 36. a4 {[%emt 0:00:02]} Qd8 {[%emt 0:00:
09]} 37. Be4 {[%emt 0:00:01]} Qf8 {[%emt 0:00:01]} 38. Kg1 {[%emt 0:00:02]} Qd8
{[%emt 0:00:01]} 39. Nxf6 {[%emt 0:00:02]} Rxf6 {[%emt 0:00:01]} 40. Qxf6+ {
[%emt 0:00:01]} Qxf6 {[%emt 0:00:01]} 41. Rxf6 {[%emt 0:00:00]} Kxf6 {[%emt 0:
00:00]} 42. Kf2 {[%emt 0:00:01]} a6 {[%emt 0:00:00]} 43. Kf3 {[%emt 0:00:01]}
g5 {[%emt 0:00:01]} 44. fxg5+ {[%emt 0:00:01]} Kxg5 {[%emt 0:00:00]} 45. Bc6 {
[%emt 0:00:03]} Kf6 {[%emt 0:00:01]} 46. Bd7 {[%emt 0:00:01]} Ke5 {[%emt 0:00:
01]} 47. Ke3 {[%emt 0:00:03]} Kf6 {[%emt 0:00:02]} 48. Ke4 {[%emt 0:00:01]} Ke7
{[%emt 0:00:00]} 49. Bg4 {[%emt 0:00:01]} Kf6 {[%emt 0:00:01]} 50. Kd5 {[%emt
0:00:00]} b5 {[%emt 0:00:01]} 51. Kxd6 {[%emt 0:00:00]} bxc4 {[%emt 0:00:01]}
52. bxc4 {[%emt 0:00:01]} a5 {[%emt 0:00:00]} 53. Kxc5 {[%emt 0:00:00]} Ke5 {
[%emt 0:00:00]} 54. Kb5 {[%emt 0:00:00]} Kd6 {[%emt 0:00:01]} 55. Kxa5 {[%emt
0:00:00]} Kc5 {[%emt 0:00:00]} 56. Ka6 {[%emt 0:00:00]} Kxc4 {[%emt 0:00:00]}
57. a5 {[%emt 0:00:00]} Kb4 {[%emt 0:00:01]} 58. Kb6 {[%emt 0:00:00]} Ka4 {
[%emt 0:00:01]} 59. a6 {[%emt 0:00:00]} Kb4 {[%emt 0:00:00]} 60. a7 {[%emt 0:
00:00]} Kc4 {[%emt 0:00:00]} 61. a8=Q {[%emt 0:00:00]} Kd4 {[%emt 0:00:00]} 62.
Qh8+ {[%emt 0:00:00]} Ke3 {[%emt 0:00:00]} 63. Qxh4 {[%emt 0:00:00]} Kf4 {
[%emt 0:00:00]} 64. Bf3+ {[%emt 0:00:01]} Kxf3 {[%emt 0:00:01]} 65. Qg4+ {
[%emt 0:00:01]} Ke3 {[%emt 0:00:01]} 66. h4 {[%emt 0:00:00]} Kd3 {[%emt 0:00:
00]} 67. h5 {[%emt 0:00:00]} Ke3 {[%emt 0:00:00]} 68. h6 {[%emt 0:00:00]} Kd3 {
[%emt 0:00:01]} 69. h7 {[%emt 0:00:00]} Ke3 {[%emt 0:00:00]} 70. Qg5+ {[%emt 0:
00:00]} Kd3 {[%emt 0:00:00]} 71. Qg6+ {[%emt 0:00:00]} Ke3 {[%emt 0:00:00]} 72.
h8=Q {[%emt 0:00:01]} Kf4 {[%emt 0:00:01]} 73. Qhh7 {[%emt 0:00:00]} Ke5 {
[%emt 0:00:00]} 74. Qhh5+ {[%emt 0:00:01]} Kf4 {[%emt 0:00:00]} 75. Qgg4+ {
[%emt 0:00:01]} Ke3 {[%emt 0:00:00]} 76. Qhh3+ {[%emt 0:00:01]} Kf2 {[%emt 0:
00:00]} 77. Qgg2+ {[%emt 0:00:00]} Ke1 {[%emt 0:00:00]} 78. Qhh1# {[%emt 0:00:
00]} 1-0

[Event "Villarobledo Online Qualifyer"]
[Site "playchess.com #155672"]
[Date "2009.05.23"]
[Round "2"]
[White "Yang Guo"]
[Black "Chofis"]
[Result "1-0"]
[WhiteElo "2878"]
[BlackElo "1587"]
[PlyCount "91"]
[EventDate "2009.05.23"]
[EventType "swiss (blitz)"]

1. e4 {[%emt 0:00:05]} e5 {[%emt 0:00:01]} 2. Nf3 {[%emt 0:00:03]} d5 {[%emt 0:
00:01]} 3. Nc3 {[%emt 0:00:12]} dxe4 {[%emt 0:00:02]} 4. Nxe5 {[%emt 0:00:12]}
Qd4 {[%emt 0:00:03]} 5. Nc4 {[%emt 0:00:01]} Bc5 {[%emt 0:00:05]} 6. Ne3 {
[%emt 0:00:05]} Nf6 {[%emt 0:00:04]} 7. d3 {[%emt 0:00:02]} exd3 {[%emt 0:00:
02]} 8. Bxd3 {[%emt 0:00:00]} O-O {[%emt 0:00:03]} 9. O-O {[%emt 0:00:02]} Nc6
{[%emt 0:00:02]} 10. Nc4 {[%emt 0:00:06]} Bg4 {[%emt 0:00:11]} 11. Qd2 {[%emt
0:00:25]} Rad8 {[%emt 0:00:12]} 12. Qf4 {[%emt 0:00:03]} Rfe8 {[%emt 0:00:57]}
13. h3 {[%emt 0:00:04]} Be6 {[%emt 0:00:05]} 14. Nb5 {[%emt 0:00:05]} Bxc4 {
[%emt 0:00:08]} 15. Nxd4 {[%emt 0:00:04]} Rxd4 {[%emt 0:00:08]} 16. Qxc7 {
[%emt 0:00:04]} Bxd3 {[%emt 0:00:05]} 17. cxd3 {[%emt 0:00:03]} Rxd3 {[%emt 0:
00:01]} 18. Qxb7 {[%emt 0:00:07]} Nd4 {[%emt 0:00:06]} 19. Bg5 {[%emt 0:00:09]}
Ne4 {[%emt 0:00:05]} 20. Rfe1 {[%emt 0:00:04]} f5 {[%emt 0:00:05]} 21. Rxe4 {
[%emt 0:00:09]} fxe4 {[%emt 0:00:03]} 22. Qd5+ {[%emt 0:00:20]} Ne6 {[%emt 0:
00:04]} 23. Qxe4 {[%emt 0:00:02]} Rd4 {[%emt 0:00:15]} 24. Qe2 {[%emt 0:00:02]}
h6 {[%emt 0:00:08]} 25. Be3 {[%emt 0:00:01]} Re4 {[%emt 0:00:02]} 26. Qd3 {
[%emt 0:00:08]} Re5 {[%emt 0:00:21]} 27. Bxc5 {[%emt 0:00:03]} Rxc5 {[%emt 0:
00:03]} 28. Re1 {[%emt 0:00:03]} Rc6 {[%emt 0:00:06]} 29. Qd5 {[%emt 0:00:03]}
Rb6 {[%emt 0:00:03]} 30. a4 {[%emt 0:00:02]} Kf7 {[%emt 0:00:05]} 31. a5 {
[%emt 0:00:10]} Rxb2 {[%emt 0:00:08]} 32. Qf5+ {[%emt 0:00:02]} Kg8 {[%emt 0:
00:06]} 33. Rxe6 {[%emt 0:00:01]} Rf8 {[%emt 0:00:05]} 34. Qc5 {[%emt 0:00:01]}
Rbxf2 {[%emt 0:00:03]} 35. Qxf2 {[%emt 0:00:04]} Rxf2 {[%emt 0:00:02]} 36. Kxf2
{[%emt 0:00:00]} Kf7 {[%emt 0:00:02]} 37. Ra6 {[%emt 0:00:00]} Kg8 {[%emt 0:00:
06]} 38. Rxa7 {[%emt 0:00:00]} Kh7 {[%emt 0:00:01]} 39. Rb7 {[%emt 0:00:01]}
Kg6 {[%emt 0:00:01]} 40. a6 {[%emt 0:00:00]} Kf6 {[%emt 0:00:01]} 41. a7 {
[%emt 0:00:00]} Kg6 {[%emt 0:00:01]} 42. a8=Q {[%emt 0:00:00]} Kf6 {[%emt 0:00:
01]} 43. Qa5 {[%emt 0:00:01]} Kg6 {[%emt 0:00:01]} 44. Rb6+ {[%emt 0:00:00]}
Kh7 {[%emt 0:00:01]} 45. Qf5+ {[%emt 0:00:00]} Kg8 {[%emt 0:00:01]} 46. Rb8# {
[%emt 0:00:01]} 1-0

[Event "Villarobledo Online Qualifyer"]
[Site "playchess.com #155672"]
[Date "2009.05.23"]
[Round "2"]
[White "Z_Grandic"]
[Black "Maguljica"]
[Result "0-1"]
[WhiteElo "2562"]
[BlackElo "2117"]
[PlyCount "98"]
[EventDate "2009.05.23"]
[EventType "swiss (blitz)"]

1. e4 {[%emt 0:00:01]} c5 {[%emt 0:00:01]} 2. Nf3 {[%emt 0:00:01]} d6 {[%emt 0:
00:01]} 3. c3 {[%emt 0:00:00]} Qa5 {[%emt 0:00:03]} 4. Be2 {[%emt 0:00:03]} Nc6
{[%emt 0:00:03]} 5. O-O {[%emt 0:00:01]} Bg4 {[%emt 0:00:02]} 6. h3 {[%emt 0:
00:05]} Bxf3 {[%emt 0:00:02]} 7. Bxf3 {[%emt 0:00:00]} Nf6 {[%emt 0:00:03]} 8.
d4 {[%emt 0:00:07]} Rd8 {[%emt 0:00:17]} 9. Be3 {[%emt 0:00:19]} e5 {[%emt 0:
00:06]} 10. dxc5 {[%emt 0:00:20]} dxc5 {[%emt 0:00:06]} 11. Qb3 {[%emt 0:00:00]
} Qb6 {[%emt 0:00:14]} 12. Na3 {[%emt 0:00:01]} Be7 {[%emt 0:00:12]} 13. Nc4 {
[%emt 0:00:06]} Qxb3 {[%emt 0:00:04]} 14. axb3 {[%emt 0:00:01]} b6 {[%emt 0:00:
01]} 15. Rfd1 {[%emt 0:00:14]} h6 {[%emt 0:00:19]} 16. Rxd8+ {[%emt 0:00:06]}
Kxd8 {[%emt 0:00:03]} 17. g3 {[%emt 0:00:13]} Kc7 {[%emt 0:00:02]} 18. Bg2 {
[%emt 0:00:07]} Rd8 {[%emt 0:00:03]} 19. f4 {[%emt 0:00:03]} Nd7 {[%emt 0:00:
19]} 20. fxe5 {[%emt 0:00:09]} a5 {[%emt 0:00:09]} 21. Bf4 {[%emt 0:00:06]} g5
{[%emt 0:00:05]} 22. Be3 {[%emt 0:00:25]} Ndxe5 {[%emt 0:00:01]} 23. Rf1 {
[%emt 0:00:08]} Nxc4 {[%emt 0:00:05]} 24. bxc4 {[%emt 0:00:00]} Ne5 {[%emt 0:
00:03]} 25. Rf5 {[%emt 0:00:07]} f6 {[%emt 0:00:01]} 26. h4 {[%emt 0:00:01]}
Kd6 {[%emt 0:00:03]} 27. hxg5 {[%emt 0:00:04]} hxg5 {[%emt 0:00:00]} 28. Rf1 {
[%emt 0:00:02]} Nxc4 {[%emt 0:00:03]} 29. Rd1+ {[%emt 0:00:06]} Kc7 {[%emt 0:
00:02]} 30. Rxd8 {[%emt 0:00:01]} Bxd8 {[%emt 0:00:02]} 31. Bc1 {[%emt 0:00:00]
} a4 {[%emt 0:00:02]} 32. Bf1 {[%emt 0:00:02]} Nd6 {[%emt 0:00:04]} 33. Bd3 {
[%emt 0:00:02]} b5 {[%emt 0:00:01]} 34. Be3 {[%emt 0:00:04]} Kc6 {[%emt 0:00:
02]} 35. Kg2 {[%emt 0:00:02]} b4 {[%emt 0:00:08]} 36. cxb4 {[%emt 0:00:06]}
cxb4 {[%emt 0:00:02]} 37. Kf3 {[%emt 0:00:07]} Bb6 {[%emt 0:00:01]} 38. Bd2 {
[%emt 0:00:03]} Bc5 {[%emt 0:00:07]} 39. Bc2 {[%emt 0:00:04]} Kb5 {[%emt 0:00:
01]} 40. e5 {[%emt 0:00:06]} fxe5 {[%emt 0:00:02]} 41. Bxg5 {[%emt 0:00:01]}
Bd4 {[%emt 0:00:05]} 42. Bc1 {[%emt 0:00:05]} Nc4 {[%emt 0:00:01]} 43. Bd3 {
[%emt 0:00:02]} Kc5 {[%emt 0:00:01]} 44. Bc2 {[%emt 0:00:02]} b3 {[%emt 0:00:
04]} 45. Bb1 {[%emt 0:00:05]} Bxb2 {[%emt 0:00:03]} 46. Bh6 {[%emt 0:00:09]} a3
{[%emt 0:00:04]} 47. Bf8+ {[%emt 0:00:01]} Nd6 {[%emt 0:00:01]} 48. g4 {[%emt
0:00:13]} a2 {[%emt 0:00:02]} 49. Bxa2 {[%emt 0:00:00]} bxa2 {[%emt 0:00:00]
Z_Grandic resigns} 0-1

[Event "Villarobledo Online Qualifyer"]
[Site "playchess.com #155672"]
[Date "2009.05.23"]
[Round "2"]
[White "Dellacasa"]
[Black "Cemcakan3"]
[Result "0-1"]
[WhiteElo "1387"]
[BlackElo "2221"]
[PlyCount "100"]
[EventDate "2009.05.23"]
[EventType "swiss (blitz)"]

1. d4 {[%emt 0:00:02]} Nf6 {[%emt 0:00:02]} 2. c4 {[%emt 0:00:02]} g6 {[%emt 0:
00:01]} 3. Bg5 {[%emt 0:00:02]} Bg7 {[%emt 0:00:01]} 4. Nc3 {[%emt 0:00:02]}
O-O {[%emt 0:00:03]} 5. e4 {[%emt 0:00:02]} d6 {[%emt 0:00:01]} 6. Nf3 {[%emt
0:00:03]} h6 {[%emt 0:00:01]} 7. Bxf6 {[%emt 0:00:08]} Bxf6 {[%emt 0:00:00]} 8.
Be2 {[%emt 0:00:02]} c5 {[%emt 0:00:07]} 9. d5 {[%emt 0:00:05]} Bg4 {[%emt 0:
00:09]} 10. h3 {[%emt 0:00:02]} Bxf3 {[%emt 0:00:01]} 11. Bxf3 {[%emt 0:00:02]}
Nd7 {[%emt 0:00:01]} 12. O-O {[%emt 0:00:02]} Ne5 {[%emt 0:00:03]} 13. Re1 {
[%emt 0:00:09]} Nxc4 {[%emt 0:00:03]} 14. Qb3 {[%emt 0:00:16]} Nd2 {[%emt 0:00:
05]} 15. Qxb7 {[%emt 0:00:02]} Nxf3+ {[%emt 0:00:01]} 16. gxf3 {[%emt 0:00:02]}
Rb8 {[%emt 0:00:01]} 17. Qxa7 {[%emt 0:00:04]} Rxb2 {[%emt 0:00:01]} 18. Qa3 {
[%emt 0:00:09]} Rc2 {[%emt 0:00:12]} 19. Rec1 {[%emt 0:00:10]} Bxc3 {[%emt 0:
00:10]} 20. Rxc2 {[%emt 0:00:20]} Bxa1 {[%emt 0:00:01]} 21. Qc1 {[%emt 0:00:15]
} Bd4 {[%emt 0:00:08]} 22. Qxh6 {[%emt 0:00:06]} Qb6 {[%emt 0:00:22]} 23. h4 {
[%emt 0:00:06]} Bg7 {[%emt 0:00:03]} 24. Qg5 {[%emt 0:00:09]} Bf6 {[%emt 0:00:
04]} 25. Qh6 {[%emt 0:00:05]} Qb1+ {[%emt 0:00:21]} 26. Qc1 {[%emt 0:00:26]}
Qxc1+ {[%emt 0:00:01]} 27. Rxc1 {[%emt 0:00:01]} Ra8 {[%emt 0:00:02]} 28. Rc2 {
[%emt 0:00:05]} Bxh4 {[%emt 0:00:01]} 29. Kf1 {[%emt 0:00:09]} Kg7 {[%emt 0:00:
03]} 30. Ke2 {[%emt 0:00:01]} Kf6 {[%emt 0:00:01]} 31. Kd3 {[%emt 0:00:04]}
Ra3+ {[%emt 0:00:02]} 32. Kc4 {[%emt 0:00:05]} Rxf3 {[%emt 0:00:02]} 33. a4 {
[%emt 0:00:13]} Ra3 {[%emt 0:00:09]} 34. Kb5 {[%emt 0:00:03]} Ke5 {[%emt 0:00:
03]} 35. a5 {[%emt 0:00:03]} Kxe4 {[%emt 0:00:02]} 36. a6 {[%emt 0:00:03]} Kxd5
{[%emt 0:00:02]} 37. Kb6 {[%emt 0:00:04]} c4 {[%emt 0:00:06]} 38. Kb7 {[%emt 0:
00:04]} Kd4 {[%emt 0:00:02]} 39. a7 {[%emt 0:00:03]} Kd3 {[%emt 0:00:02]} 40.
Rb2 {[%emt 0:00:09]} c3 {[%emt 0:00:02]} 41. Rb4 {[%emt 0:00:08]} c2 {[%emt 0:
00:06]} 42. Rxh4 {[%emt 0:00:06]} c1=Q {[%emt 0:00:03]} 43. Rh3+ {[%emt 0:00:
02]} Ke2 {[%emt 0:00:04]} 44. Rxa3 {[%emt 0:00:02]} Qxa3 {[%emt 0:00:00]} 45.
a8=Q {[%emt 0:00:03]} Qxa8+ {[%emt 0:00:00]} 46. Kxa8 {[%emt 0:00:01]} d5 {
[%emt 0:00:00]} 47. Kb7 {[%emt 0:00:01]} d4 {[%emt 0:00:01]} 48. Kc6 {[%emt 0:
00:01]} d3 {[%emt 0:00:00]} 49. Kc5 {[%emt 0:00:01]} d2 {[%emt 0:00:00]} 50.
Kc4 {[%emt 0:00:01]} d1=Q {[%emt 0:00:01] Dellacasa rinde} 0-1

[Event "Villarobledo Online Qualifyer"]
[Site "playchess.com #155672"]
[Date "2009.05.23"]
[Round "2"]
[White "Senad_tesanj"]
[Black "Dreistein"]
[Result "1-0"]
[WhiteElo "1581"]
[BlackElo "1877"]
[PlyCount "71"]
[EventDate "2009.05.23"]
[EventType "swiss (blitz)"]

1. e4 {[%emt 0:00:02]} c5 {[%emt 0:00:03]} 2. Nf3 {[%emt 0:00:01]} Nc6 {[%emt
0:00:03]} 3. d4 {[%emt 0:00:01]} cxd4 {[%emt 0:00:00]} 4. Nxd4 {[%emt 0:00:01]}
Nf6 {[%emt 0:00:01]} 5. f3 {[%emt 0:00:03]} e5 {[%emt 0:00:02]} 6. Nxc6 {[%emt
0:00:01]} bxc6 {[%emt 0:00:02]} 7. Bc4 {[%emt 0:00:06]} d5 {[%emt 0:00:02]} 8.
exd5 {[%emt 0:00:02]} cxd5 {[%emt 0:00:00]} 9. Bb5+ {[%emt 0:00:02]} Bd7 {
[%emt 0:00:01]} 10. Qe2 {[%emt 0:00:04]} Bd6 {[%emt 0:00:20]} 11. Bxd7+ {[%emt
0:00:10]} Nxd7 {[%emt 0:00:07]} 12. O-O {[%emt 0:00:02]} O-O {[%emt 0:00:03]}
13. Nc3 {[%emt 0:00:06]} Nb6 {[%emt 0:00:13]} 14. Qb5 {[%emt 0:00:13]} Bc7 {
[%emt 0:00:26]} 15. b3 {[%emt 0:00:22]} Rb8 {[%emt 0:00:23]} 16. Qe2 {[%emt 0:
00:06]} Qd6 {[%emt 0:00:08]} 17. a4 {[%emt 0:00:07]} a5 {[%emt 0:00:12]} 18.
Ba3 {[%emt 0:00:04]} Qh6 {[%emt 0:00:08]} 19. Bxf8 {[%emt 0:00:07]} Rxf8 {
[%emt 0:00:06]} 20. Nb5 {[%emt 0:00:07]} Bb8 {[%emt 0:00:05]} 21. Rae1 {[%emt
0:00:18]} e4 {[%emt 0:00:09]} 22. g3 {[%emt 0:00:10]} f5 {[%emt 0:00:16]} 23.
fxe4 {[%emt 0:00:08]} dxe4 {[%emt 0:00:00]} 24. Qe3 {[%emt 0:00:05]} f4 {[%emt
0:00:20]} 25. Qxe4 {[%emt 0:00:11]} g5 {[%emt 0:00:19]} 26. Qe6+ {[%emt 0:00:
18]} Qxe6 {[%emt 0:00:05]} 27. Rxe6 {[%emt 0:00:02]} Nd5 {[%emt 0:00:00]} 28.
gxf4 {[%emt 0:00:08]} Nxf4 {[%emt 0:00:02]} 29. Ra6 {[%emt 0:00:18]} Ne2+ {
[%emt 0:00:08]} 30. Kg2 {[%emt 0:00:03]} Nf4+ {[%emt 0:00:01]} 31. Kh1 {[%emt
0:00:05]} Rc8 {[%emt 0:00:04]} 32. c4 {[%emt 0:00:03]} Re8 {[%emt 0:00:06]} 33.
Rxa5 {[%emt 0:00:06]} Be5 {[%emt 0:00:06]} 34. Na7 {[%emt 0:00:09] .} Bc3 {
[%emt 0:00:04]} 35. Rxg5+ {[%emt 0:00:06]} Ng6 {[%emt 0:00:05]} 36. Nb5 {[%emt
0:00:02] Zeit} 1-0

[Event "Villarobledo Online Qualifyer"]
[Site "playchess.com #155672"]
[Date "2009.05.23"]
[Round "2"]
[White "Nounours"]
[Black "Buster hyman"]
[Result "0-1"]
[WhiteElo "1440"]
[BlackElo "1759"]
[PlyCount "68"]
[EventDate "2009.05.23"]
[EventType "swiss (blitz)"]

1. Nf3 {[%emt 0:00:01]} d5 {[%emt 0:00:03]} 2. c4 {[%emt 0:00:02]} dxc4 {[%emt
0:00:10]} 3. e3 {[%emt 0:00:01]} b6 {[%emt 0:00:08]} 4. Nc3 {[%emt 0:00:07]}
Bb7 {[%emt 0:00:02]} 5. Bxc4 {[%emt 0:00:02]} Nf6 {[%emt 0:00:01]} 6. O-O {
[%emt 0:00:27]} e6 {[%emt 0:00:01]} 7. d4 {[%emt 0:00:10]} Be7 {[%emt 0:00:02]}
8. Ne5 {[%emt 0:00:41]} O-O {[%emt 0:00:04]} 9. a3 {[%emt 0:00:10]} Nbd7 {
[%emt 0:00:11]} 10. f4 {[%emt 0:00:08]} c5 {[%emt 0:00:12]} 11. Ne2 {[%emt 0:
00:05]} Rc8 {[%emt 0:00:04]} 12. Bb5 {[%emt 0:00:24]} a6 {[%emt 0:00:17]} 13.
Ba4 {[%emt 0:00:08]} b5 {[%emt 0:00:05]} 14. Bb3 {[%emt 0:00:07]} c4 {[%emt 0:
00:01]} 15. Bc2 {[%emt 0:00:02]} Ne4 {[%emt 0:00:14]} 16. Ng3 {[%emt 0:00:18]}
Ndf6 {[%emt 0:00:14]} 17. Nh5 {[%emt 0:00:11]} g6 {[%emt 0:00:16]} 18. Nxf6+ {
[%emt 0:00:06]} Bxf6 {[%emt 0:00:00]} 19. Ng4 {[%emt 0:00:03]} Bg7 {[%emt 0:00:
19]} 20. Rf3 {[%emt 0:00:04]} Nf6 {[%emt 0:00:06]} 21. Nxf6+ {[%emt 0:00:05]}
Bxf6 {[%emt 0:00:05]} 22. Rh3 {[%emt 0:00:02] Nounours propose la nulle} Qd5 {
[%emt 0:00:12]} 23. Qe2 {[%emt 0:00:06]} Bg7 {[%emt 0:00:15]} 24. e4 {[%emt 0:
00:03]} Qxd4+ {[%emt 0:00:11]} 25. Kh1 {[%emt 0:00:13]} Rfd8 {[%emt 0:00:21] '}
26. a4 {[%emt 0:00:01]} b4 {[%emt 0:00:09]} 27. a5 {[%emt 0:00:02]} c3 {[%emt
0:00:04]} 28. Rd3 {[%emt 0:00:02]} Qc5 {[%emt 0:00:03]} 29. Rxd8+ {[%emt 0:00:
02]} Rxd8 {[%emt 0:00:00]} 30. bxc3 {[%emt 0:00:01]} Qxc3 {[%emt 0:00:03]} 31.
Rb1 {[%emt 0:00:04]} Qc5 {[%emt 0:00:02]} 32. Bb3 {[%emt 0:00:02]} Qc3 {[%emt
0:00:04]} 33. Bb2 {[%emt 0:00:01]} Qxb3 {[%emt 0:00:01]} 34. Bxg7 {[%emt 0:00:
02]} Qxb1+ {[%emt 0:00:01] Temps} 0-1